[Event "Kaluga Tsiolkovsky Memorial op"]
[Site "Kaluga"]
[Date "2016.08.08"]
[Round "3"]
[White "Fedorov, Oleg"]
[Black "Mukhtarov, Dzonkush"]
[Result "1-0"]
[WhiteElo "1926"]
[BlackElo "1387"]
[PlyCount "41"]
[EventDate "2016.08.06"]
[EventType "swiss"]
[EventRounds "9"]
[EventCountry "RUS"]
[SourceTitle "CBM 174 Extra"]
[Source "ChessBase"]
[SourceDate "2016.10.10"]
[SourceVersion "1"]
[SourceVersionDate "2016.10.10"]
[SourceQuality "1"]

1. e4 c5 2. Nf3 Nc6 3. d4 cxd4 4. Nxd4 e5 5. Nb5 d6 6. c4 Nf6 7. Bg5 Be7 8. Bxf6 gxf6 9. N1c3 a6 10. Na3 f5 11. exf5 Bxf5 12. Bd3 Bxd3 13. Qxd3 Nd4 14. Nc2 Qb6 15. 0-0-0 0-0-0 16. Nxd4 exd4 17. Qxd4 Qc6 18. Nd5 Bg5+ 19. f4 Qa4 20. Nb6+ Kb8 21. Nxa4 1-0

[Event "Kaluga Tsiolkovsky Memorial op"]
[Site "Kaluga"]
[Date "2014.08.06"]
[Round "5"]
[White "Fedorov, Oleg"]
[Black "Kryukov, Valery B"]
[Result "1-0"]
[WhiteElo "2076"]
[BlackElo "1889"]
[PlyCount "77"]
[EventDate "2014.08.02"]
[EventType "swiss"]
[EventRounds "8"]
[EventCountry "RUS"]
[SourceTitle "EXT 2023"]
[Source "ChessBase"]
[SourceDate "2022.10.05"]
[SourceVersion "1"]
[SourceVersionDate "2022.10.05"]
[SourceQuality "1"]

1. e4 e5 2. Nf3 Nc6 3. Bb5 d6 4. 0-0 Bd7 5. c3 g6 6. d4 Bg7 7. Re1 Nf6 8. Nbd2 Nh5 9. Nf1 0-0 10. Bg5 Qe8 11. Bc4 a6 12. Ne3 Na5 13. dxe5 dxe5 14. Bf1 Nc6 15. Nd5 Rc8 16. Qd2 f6 17. Bh6 Ne7 18. Bxg7 Kxg7 19. Rad1 Nxd5 20. exd5 Rd8 21. Nd4 f5 22. Qe3 e4 23. Nb3 Bb5 24. Nc5 Bd7 25. Nxb7 Rb8 26. Bxa6 Bc8 27. Nc5 Bxa6 28. Nxa6 Rc8 29. Nc5 Kg8 30. f3 Qb5 31. b4 Nf6 32. fxe4 fxe4 33. Rf1 Rce8 34. Ne6 Rf7 35. Qd4 Qxd5 36. Qxd5 Nxd5 37. Rxf7 Kxf7 38. Ng5+ Kf6 39. Rxd5 1-0

[Event "Saratov Region-ch"]
[Site "Saratov"]
[Date "2011.06.09"]
[Round "9"]
[White "Fedorov, Oleg"]
[Black "Nurdinov, Iliya"]
[Result "0-1"]
[WhiteElo "2126"]
[BlackElo "1740"]
[PlyCount "72"]
[EventDate "2011.06.01"]
[EventType "swiss"]
[EventRounds "9"]
[EventCountry "RUS"]
[SourceTitle "EXT 2012"]
[Source "ChessBase"]
[SourceDate "2011.11.24"]
[SourceVersion "1"]
[SourceVersionDate "2011.11.24"]
[SourceQuality "1"]

1. e4 c5 2. Nc3 d6 3. Bb5+ Bd7 4. Bxd7+ Qxd7 5. d3 Nc6 6. Nf3 g6 7. 0-0 Bg7 8. Nd5 e6 9. Ne3 Nge7 10. Ng4 h5 11. Ne3 d5 12. exd5 Nxd5 13. Re1 Nxe3 14. Rxe3 Qd5 15. Re1 0-0-0 16. Bg5 f6 17. Bd2 g5 18. Bc3 e5 19. a3 h4 20. Nd2 f5 21. Qf3 Qd7 22. Nc4 Rde8 23. Ne3 Nd4 24. Bxd4 cxd4 25. Nc4 g4 26. Qe2 Qd5 27. Qf1 Bh6 28. Re2 Bf4 29. f3 b5 30. Nd2 h3 31. fxg4 Bxh2+ 32. Kf2 fxg4 33. Ke1 Ref8 34. Qh1 Bg3+ 35. Kd1 hxg2 36. Qxg2 Rh1+ 0-1

[Event "Saratov"]
[Site "Saratov"]
[Date "2010.06.19"]
[Round "11"]
[White "Fedorov, Oleg"]
[Black "Braun, Elina"]
[Result "0-1"]
[WhiteElo "1968"]
[BlackElo "1915"]
[PlyCount "116"]
[EventDate "2010.06.12"]
[EventType "tourn"]
[EventRounds "13"]
[EventCountry "RUS"]
[SourceTitle "CBM 137 Extra"]
[Source "ChessBase"]
[SourceDate "2010.09.01"]
[SourceVersion "1"]
[SourceVersionDate "2010.09.01"]
[SourceQuality "1"]

1. e4 c5 2. Nf3 Nc6 3. c3 Nf6 4. e5 Nd5 5. Be2 g6 6. 0-0 Bg7 7. d4 cxd4 8. cxd4 0-0 9. Nc3 Nxc3 10. bxc3 d6 11. exd6 Qxd6 12. a4 Na5 13. Re1 Be6 14. Ng5 Bb3 15. Qd3 Qc7 16. Qh3 h6 17. Ne4 Kh7 18. g4 Bc4 19. Bxh6 Bxh6 20. g5 Rh8 21. gxh6 Qf4 22. Bxc4 Nxc4 23. Rab1 b6 24. Qg2 Kxh6 25. Rb4 Rab8 26. d5 a5 27. Rbb1 Kg7 28. Qg3 Qf5 29. Rbd1 Rh3 30. Qg5 Rbh8 31. Qxf5 gxf5 32. Ng3 Rxh2 33. Nxf5+ Kf6 34. Ng3 R2h4 35. Kg2 Nb2 36. Ne4+ Rxe4 37. Rxe4 Nxd1 38. Rc4 Rd8 39. Rc6+ Rd6 40. c4 Rxc6 41. dxc6 Ke6 42. Kf3 Kd6 43. Ke4 Nb2 44. c7 Kxc7 45. Kd5 Nxa4 46. f4 Nc5 47. f5 a4 48. Kd4 Kd6 49. Kc3 Ke5 50. Kb4 Kxf5 51. Ka3 e5 52. Ka2 e4 53. Ka3 e3 54. Ka2 e2 55. Ka3 e1Q 56. Ka2 a3 57. Kxa3 Qa1+ 58. Kb4 Qa5# 0-1

[Event "Saratov"]
[Site "Saratov"]
[Date "2010.06.14"]
[Round "5"]
[White "Fedorov, Oleg"]
[Black "Kvitka, Roman"]
[Result "1/2-1/2"]
[WhiteElo "1968"]
[BlackElo "1891"]
[PlyCount "115"]
[EventDate "2010.06.12"]
[EventType "tourn"]
[EventRounds "13"]
[EventCountry "RUS"]
[SourceTitle "CBM 137 Extra"]
[Source "ChessBase"]
[SourceDate "2010.09.01"]
[SourceVersion "1"]
[SourceVersionDate "2010.09.01"]
[SourceQuality "1"]

1. Nf3 Nf6 2. g3 d5 3. d4 c5 4. Bg2 Nc6 5. 0-0 Bg4 6. c3 e6 7. Na3 cxd4 8. cxd4 Bxa3 9. bxa3 Qb6 10. Be3 Ne4 11. Re1 0-0 12. Qb3 Qa6 13. Rab1 Na5 14. Qb5 Qxb5 15. Rxb5 b6 16. Ne5 Bf5 17. g4 Bg6 18. h4 Nc3 19. Rb2 Rac8 20. h5 Be4 21. f3 Na4 22. Rb4 Bc2 23. Rc1 f6 24. Nd3 Bxd3 25. exd3 Rxc1+ 26. Bxc1 Nc3 27. Bd2 Rc8 28. Kh2 Nxa2 29. Rb2 Nc1 30. Bxa5 bxa5 31. Rb5 Nxd3 32. Rxa5 Rc7 33. Kg3 h6 34. f4 Rc3 35. Rxa7 Ne1+ 36. Kf2 Nxg2 37. Kxg2 Rc4 38. a4 Rxd4 39. Kf3 e5 40. fxe5 fxe5 41. a5 Rf4+ 42. Kg3 Ra4 43. a6 Ra3+ 44. Kf2 Kf8 45. Ke2 d4 46. Kd2 e4 47. Rd7 Ra2+ 48. Ke1 Ra1+ 49. Ke2 Ra2+ 50. Ke1 Rxa6 51. Rxd4 Re6 52. Ke2 Kf7 53. Ke3 Kf6 54. Rxe4 Rxe4+ 55. Kxe4 Kg5 56. Kf3 Kh4 57. Kf4 Kh3 58. Kf5 1/2-1/2

[Event "Saratov"]
[Site "Saratov"]
[Date "2010.06.13"]
[Round "3"]
[White "Fedorov, Oleg"]
[Black "Dudin, Denis"]
[Result "1/2-1/2"]
[WhiteElo "1968"]
[BlackElo "2066"]
[PlyCount "40"]
[EventDate "2010.06.12"]
[EventType "tourn"]
[EventRounds "13"]
[EventCountry "RUS"]
[SourceTitle "CBM 137 Extra"]
[Source "ChessBase"]
[SourceDate "2010.09.01"]
[SourceVersion "1"]
[SourceVersionDate "2010.09.01"]
[SourceQuality "1"]

1. Nf3 Nf6 2. g3 d5 3. Bg2 c5 4. 0-0 Nc6 5. b3 e5 6. Bb2 Bd6 7. d3 h6 8. Nfd2 Be6 9. Nc3 0-0 10. e4 Bc7 11. exd5 Nxd5 12. Nce4 b6 13. Re1 Rc8 14. Nc4 Qd7 15. Nc3 Rfe8 16. Nb5 Bb8 17. a4 Bg4 18. Bf3 Bxf3 19. Qxf3 Nd4 20. Bxd4 exd4 1/2-1/2

[Event "Saratov RSOCF Cup"]
[Site "Saratov"]
[Date "2010.01.27"]
[Round "9"]
[White "Fedorov, Oleg"]
[Black "Zhestkov, Igor"]
[Result "0-1"]
[WhiteElo "2056"]
[BlackElo "1922"]
[PlyCount "30"]
[EventDate "2010.01.19"]
[EventType "swiss"]
[EventRounds "9"]
[EventCountry "RUS"]
[SourceTitle "CBM 134 Extra"]
[Source "ChessBase"]
[SourceDate "2010.03.03"]
[SourceVersion "1"]
[SourceVersionDate "2010.03.03"]
[SourceQuality "1"]

1. e4 e6 2. Qe2 Nf6 3. e5 Nd5 4. c4 Nb6 5. d4 c5 6. Nf3 Nc6 7. Nc3 cxd4 8. Nb5 d5 9. Bg5 Bb4+ 10. Kd1 f6 11. exf6 gxf6 12. cxd5 Nxd5 13. Bh6 a6 14. Na3 Bxa3 15. bxa3 Nc3+ 0-1

[Event "Saratov RSOCF Cup"]
[Site "Saratov"]
[Date "2010.01.25"]
[Round "7"]
[White "Dmitriev, Igor"]
[Black "Fedorov, Oleg"]
[Result "1-0"]
[WhiteElo "2370"]
[BlackElo "2056"]
[PlyCount "89"]
[EventDate "2010.01.19"]
[EventType "swiss"]
[EventRounds "9"]
[EventCountry "RUS"]
[SourceTitle "CBM 134 Extra"]
[Source "ChessBase"]
[SourceDate "2010.03.03"]
[SourceVersion "1"]
[SourceVersionDate "2010.03.03"]
[SourceQuality "1"]

1. g3 c5 2. Bg2 Nc6 3. d3 Nf6 4. c4 g6 5. Nc3 Bg7 6. e4 d6 7. Nge2 0-0 8. 0-0 Rb8 9. h3 a6 10. f4 e6 11. g4 Kh8 12. a4 Ng8 13. Kh1 f5 14. exf5 exf5 15. g5 Nge7 16. Re1 Nb4 17. d4 d5 18. cxd5 cxd4 19. Nxd4 Nexd5 20. Nxd5 Nxd5 21. Ne6 Bxe6 22. Rxe6 Nb4 23. Be3 Qc8 24. Qb3 Nc6 25. Rd1 Rd8 26. Red6 Rxd6 27. Rxd6 Qe8 28. Bb6 Rc8 29. Kh2 h5 30. Qe6 Kh7 31. Qxe8 Rxe8 32. Rd7 Kg8 33. Rxb7 Nb4 34. Bf1 Re4 35. b3 Rxf4 36. Bc4+ Kh8 37. Bc7 Rf2+ 38. Kg3 Bd4 39. Rxb4 h4+ 40. Kxh4 Rg2 41. Bg3 f4 42. Bd5 Rd2 43. Be1 Rd1 44. Rxd4 Rxe1 45. Rxf4 1-0

[Event "Saratov RSOCF Cup"]
[Site "Saratov"]
[Date "2010.01.22"]
[Round "4"]
[White "Smirnov, Alexandr A"]
[Black "Fedorov, Oleg"]
[Result "1/2-1/2"]
[WhiteElo "2183"]
[BlackElo "2056"]
[PlyCount "101"]
[EventDate "2010.01.19"]
[EventType "swiss"]
[EventRounds "9"]
[EventCountry "RUS"]
[SourceTitle "CBM 134 Extra"]
[Source "ChessBase"]
[SourceDate "2010.03.03"]
[SourceVersion "1"]
[SourceVersionDate "2010.03.03"]
[SourceQuality "1"]

1. e4 e5 2. Nc3 Nf6 3. f4 d5 4. fxe5 Nxe4 5. Qf3 Nxc3 6. bxc3 Be7 7. d4 c5 8. Bd3 Nc6 9. Ne2 cxd4 10. cxd4 Bb4+ 11. Kd1 h5 12. Rf1 Be6 13. h3 Qa5 14. Bb2 0-0-0 15. a4 Kb8 16. c3 Be7 17. Nf4 Bg5 18. Bb5 Rc8 19. Ba3 Ka8 20. Bxc6 Rxc6 21. Bb4 Qa6 22. Nxe6 fxe6 23. Qe2 Qb6 24. a5 Qc7 25. Kc2 Rc4 26. Kb3 Rc8 27. Qd3 Qc6 28. Rf3 Qb5 29. Ra4 Be7 30. Qd2 Bxb4 31. cxb4 a6 32. Ra2 Rc1 33. Ka3 R8c4 34. Rb3 Qc6 35. Rf3 Rb1 36. Rb3 Rbc1 37. Rf3 Ka7 38. Rb3 Qe8 39. Kb2 Qc6 40. Ka3 R4c2 41. Rxc2 Rxc2 42. Qd3 Rc1 43. Kb2 Rg1 44. Qd2 Qa4 45. Ra3 Rd1 46. Qc3 Qb5 47. Rb3 Qe2+ 48. Ka3 Qf1 49. Qc5+ Kb8 50. Qd6+ Ka7 51. Qb6+ 1/2-1/2

[Event "Kaluga Tsiolkovsky Memorial op"]
[Site "Kaluga"]
[Date "2007.08.07"]
[Round "5"]
[White "Fedosov, Yury"]
[Black "Fedorov, Oleg"]
[Result "1/2-1/2"]
[WhiteElo "2060"]
[BlackElo "2222"]
[PlyCount "36"]
[EventDate "2007.08.03"]
[EventType "swiss"]
[EventRounds "9"]
[EventCountry "RUS"]
[SourceTitle "CBM 119 Extra"]
[Source "ChessBase"]
[SourceDate "2007.09.04"]
[SourceVersion "1"]
[SourceVersionDate "2007.09.04"]
[SourceQuality "1"]

1. d4 d5 2. Nc3 c5 3. e4 dxe4 4. dxc5 Qxd1+ 5. Nxd1 e6 6. Nc3 f5 7. f3 exf3 8. Nxf3 Bxc5 9. Bf4 a6 10. Bc4 Nc6 11. 0-0-0 h6 12. Rhe1 Kf7 13. Ne5+ Nxe5 14. Rxe5 Bb6 15. Rxf5+ Nf6 16. Bg3 Rd8 17. Rff1 Rxd1+ 18. Kxd1 Ke7 1/2-1/2

[Event "Kaluga Tsiolkovsky Memorial op"]
[Site "Kaluga"]
[Date "2007.08.04"]
[Round "2"]
[White "Fedorov, Oleg"]
[Black "Potapov, Alexey"]
[Result "1/2-1/2"]
[WhiteElo "2222"]
[BlackElo "2280"]
[PlyCount "99"]
[EventDate "2007.08.03"]
[EventType "swiss"]
[EventRounds "9"]
[EventCountry "RUS"]
[SourceTitle "CBM 119 Extra"]
[Source "ChessBase"]
[SourceDate "2007.09.04"]
[SourceVersion "1"]
[SourceVersionDate "2007.09.04"]
[SourceQuality "1"]

1. e4 e6 2. d4 d5 3. Nd2 Be7 4. Ngf3 Nf6 5. e5 Ne4 6. Bd3 Nxd2 7. Bxd2 c5 8. c3 Qb6 9. b3 cxd4 10. cxd4 Nc6 11. Bc3 Bd7 12. 0-0 Rc8 13. Bb2 a5 14. Qe2 Nb4 15. Rfc1 0-0 16. Bb1 Rxc1+ 17. Bxc1 Rc8 18. Be3 Qc7 19. Qd2 Na6 20. h3 Bb5 21. a4 Bb4 22. Qd1 Bd7 23. Ng5 g6 24. Nxh7 Be7 25. Nf6+ Bxf6 26. exf6 Qc3 27. Ra2 Nb4 28. Re2 b5 29. Kh2 bxa4 30. bxa4 Qa1 31. Re1 e5 32. Qd2 e4 33. Bxe4 Qxa4 34. Bb1 Qc6 35. Bf4 Qxf6 36. Be5 Qh4 37. Rc1 Nc6 38. Rxc6 Rxc6 39. Qxa5 Rc1 40. Bxg6 Bxh3 41. g3 Qe7 42. Kxh3 Qe6+ 43. Kg2 fxg6 44. Qa7 Qf7 45. Qa8+ Qf8 46. Qxd5+ Qf7 47. Qa8+ Qf8 48. Qd5+ Qf7 49. Qd8+ Qf8 50. Qd5+ 1/2-1/2